000
00328nam a2200133Ia 4500
008
220928s9999 xx 000 0 und d
082
_b
CHA
100
_a
CHAUDHARI, M.R.
245
0
_a
BIOCHEMISTRY AND CLINICAL PATHOLOGY
260
_b
NIRALI PRAKASHAN, PUNE
_c
2013
300
_a
A-22
650
_a
Biochemistry
942
_c
BK
999
_c
209513
_d
209513